Statistics for Countries by Borders in 120 Seconds

Click here to take the quiz!

General Stats

  • This quiz has been taken 163 times
  • The average score is 147 of 157

Answers on the Map

Answers color-coded by a green-red scale on the quiz's map according to % correct below.
 

Answer Stats

Country% Correct
China
100%
Kazakhstan
100%
Mongolia
100%
North Korea
100%
Poland
100%
Russia
100%
Afghanistan
99%
Austria
99%
Belarus
99%
Brazil
99%
Canada
99%
Finland
99%
France
99%
Germany
99%
Lithuania
99%
Mexico
99%
Norway
99%
Pakistan
99%
Spain
99%
Switzerland
99%
Ukraine
99%
United States
99%
Algeria
98%
Argentina
98%
Bhutan
98%
Bolivia
98%
Cameroon
98%
Central African
Republic
98%
Colombia
98%
Egypt
98%
Guyana
98%
India
98%
Iran
98%
Iraq
98%
Libya
98%
Morocco
98%
Myanmar
98%
Nepal
98%
Niger
98%
Peru
98%
South Sudan
98%
Sudan
98%
Suriname
98%
Turkey
98%
Venezuela
98%
Belgium
97%
Chad
97%
Denmark
97%
Italy
97%
Latvia
97%
Luxembourg
97%
Mauritania
97%
Netherlands
97%
Paraguay
97%
Portugal
97%
Rep. of the Congo
97%
Saudi Arabia
97%
United Kingdom
97%
Uruguay
97%
Azerbaijan
96%
Bulgaria
96%
Chile
96%
Czech Republic
96%
Estonia
96%
Jordan
96%
Kyrgyzstan
96%
Laos
96%
Mali
96%
Oman
96%
Slovenia
96%
Syria
96%
Vietnam
96%
Zambia
96%
Angola
94%
Botswana
94%
Burkina Faso
94%
Burundi
94%
D. R. Congo
94%
Ethiopia
94%
Gabon
94%
Greece
94%
Guinea
94%
Hungary
94%
Indonesia
94%
Israel
94%
Malaysia
94%
Mozambique
94%
Namibia
94%
North Macedonia
94%
Papua New Guinea
94%
Rwanda
94%
Serbia
94%
South Africa
94%
Sweden
94%
Tanzania
94%
Turkmenistan
94%
Uganda
94%
United Arab Emirates
94%
Zimbabwe
94%
Armenia
93%
Georgia
93%
Ireland
93%
Ivory Coast
93%
Kuwait
93%
Nigeria
93%
Panama
93%
Romania
93%
Slovakia
93%
Somalia
93%
Tajikistan
93%
Yemen
93%
Albania
92%
Cambodia
92%
Costa Rica
92%
Djibouti
92%
Eswatini
92%
Guatemala
92%
Kenya
92%
Montenegro
92%
Qatar
92%
Senegal
92%
Thailand
92%
Tunisia
92%
Croatia
91%
Ecuador
91%
Bangladesh
90%
Benin
90%
Bosnia and
Herzegovina
90%
Eritrea
90%
East Timor
89%
Ghana
89%
Kosovo
89%
Lesotho
89%
Togo
89%
Sri Lanka
88%
Belize
87%
Honduras
87%
Liberia
87%
Moldova
87%
Uzbekistan
87%
Andorra
86%
Nicaragua
86%
San Marino
86%
Vatican City
86%
South Korea
84%
El Salvador
83%
Lebanon
82%
Sierra Leone
82%
Dominican Republic
81%
Haiti
81%
Equatorial Guinea
79%
Guinea-Bissau
79%
Malawi
79%
Gambia
71%
Monaco
67%
Liechtenstein
66%
Brunei
61%

Score Distribution

Percentile by Number Answered

Percent of People with Each Score

Your Score History

You have not taken this quiz